[Event "SRB-ch U14"]
[Site "Vrbas"]
[Date "2015.04.09"]
[Round "1"]
[White "Vlaskalic, Sergej"]
[Black "Radovanovic, Mihajlo"]
[Result "0-1"]
[WhiteElo "1697"]
[BlackElo "2201"]
[PlyCount "94"]
[EventDate "2015.04.09"]
[EventType "swiss"]
[EventRounds "9"]
[EventCountry "SRB"]
[SourceTitle "EXT 2022"]
[Source "ChessBase"]
[SourceDate "2021.10.06"]
[SourceVersion "1"]
[SourceVersionDate "2021.10.06"]
[SourceQuality "1"]

1. e4 c5 2. Nf3 a6 3. d4 cxd4 4. Nxd4 Nf6 5. Nc3 e5 6. Nf3 Bb4 7. Bg5 Bxc3+ 8. bxc3 Qc7 9. Bd3 Qxc3+ 10. Bd2 Qc7 11. 0-0 0-0 12. Bg5 Qd6 13. Re1 Nc6 14. Bc4 Ne8 15. a4 Qc7 16. Bd5 d6 17. Qd2 Ne7 18. c4 Nxd5 19. cxd5 f6 20. Rec1 Qf7 21. Be3 f5 22. exf5 Bxf5 23. Qb4 Qxd5 24. Ng5 h6 25. Rd1 Qc6 26. Qb3+ Kh8 27. Nf7+ Kh7 28. Rac1 Qd7 29. Nxe5 Qe7 30. Nc4 Be4 31. Qb4 Rf6 32. Re1 Rg6 33. f3 Bxf3 34. Qb1 Bxg2 35. Bf2 Be4+ 36. Bg3 d5 37. Nb6 Bxb1 38. Rxe7 Rxb6 39. Rce1 Be4 40. Bf2 Rg6+ 41. Kf1 Bd3+ 42. R7e2 Nd6 43. Rd1 Bxe2+ 44. Kxe2 Re8+ 45. Kf1 Rf8 46. Rxd5 Ne4 47. Ke2 Nc3+ 0-1